000 00227nam a2200097Ia 4500
082 _aST 822.33 MACB
245 0 _aMacbeth
100 _a GARDYNE, Hazel
_9106889
942 _cBK
008 210825s9999 xx 000 0 und d
999 _c492171
_d492170